Statistiques concernant Villes avec un aéroport international au Canada

Cliquez ici pour prendre le quiz!

Statistiques générales

  • Ce quiz a été pris 149 fois
  • Le résultat moyen est 12 sur 17

Statistiques - réponses

CodeVille% Correct
YULMontreal
99%
YYZToronto
98%
YVRVancouver
98%
YQBQuebec
95%
YOWOttawa
93%
YYCCalgary
89%
YEGEdmonton
86%
YWGWinnipeg
80%
YHZHalifax
70%
YYJVictoria
59%
YQRRegina
57%
YXESaskatoon
54%
YYTSt. John's
47%
YXULondon
39%
YHMHamilton
37%
YQMMoncton
37%
YQXGander
12%

Distribution des résultats

Percentile par nombre de réponses

% des personnes avec chaque résultat

Votre développement - résultats

Vous n’avez pas pris ce quiz